| 000 | 00529nam a22001817a 4500 | ||
|---|---|---|---|
| 999 |
_c58020 _d58020 |
||
| 005 | 20210513150911.0 | ||
| 008 | 210513s2018 enk||||| |||| 00| 0 eng d | ||
| 020 | _a9780230458154 | ||
| 041 | _aeng | ||
| 080 | _a811.111.1 O-63 | ||
| 245 |
_aOpen Mind : _bBeginner Student's book. A1 / _cDorothy Zemach. |
||
| 264 |
_aLondon: _bMacmillan, _c2018. |
||
| 300 |
_a87 p. _b30 cm. |
||
| 653 | _aინგლისური ენა | ||
| 653 | _aგრამატიკა | ||
| 700 |
_aZemach, Dorothy _911780 |
||
| 942 |
_2udc _cBK |
||